00443nam a22001697a 4500003000400000005001700004008004100021020000900062035001300071040001500084082000800099100002000107245004500127260004300172300003800215500002000253dpl20180705160646.0180705b xxu||||| |||| 00| 0 eng d c0.00 aA-435691 aDPLbENc0 a920 aMandela, Nelson aThe struggle of my life/cNelson Mandela aBombaybBombay Popular PrakashancN.A. aix, 282bincludes picturesc22cm. aincluding Index